Quizzes
Events
Quiz Creation
Community
Videos
Private Events
Remove Ads
Sign In
Join for FREE
Feedback
Dark Mode
Quiz Categories
Sports
Geography
Music
Movies
Television
Just For Fun
Miscellaneous
History
Literature
Language
Science
Gaming
Entertainment
Religion
Holiday
For Kids
Quiz Lab
Recent
Popular Today
Quiz Kudos Today
Editor Picks
Curator Picks
Quizzes by...
Day
Popularity
Type
Ratings
Length
Year
Community
Subscriptions
Recent Discussions
Orange Saloon
Badges
Playlists
Quests
Create
Leaderboards
Showdown
Live 5
Trivia Bingo
Activity
Puzzle Library
Sporcle Events
Private Events
Virtual Trivia
Globe League
Become a Host
Pub Owners
SporcleCon
Opinionation
Our Games
Videos
Blog
Mobile Apps
Partnerships
Remove Ads and Go Orange
Feedback
Music
Pop Music
The Beatles
Song
Album
Lyrics
Bands
Singers
Artist
Clip
Rock
Rap
Classical
Billboard
Country Music
Kpop
Taylor Swift
Music
Pop Music
The Beatles
Song
Album
Lyrics
Bands
Singers
Artist
Clip
Rock
Rap
Classical
Billboard
Country Music
Kpop
Taylor Swift
Random Quiz
Search Sporcle
×
Quiz Lab
Quiz Lab
Music
Kpop
Type in answers that appear in a list
Type in answers that appear in a list
Classic
Best Score? Go Orange.
K-POP Group members (2017) Stats
Can you name the K-POP Group members (2017)?
By
kpopchallenger
20m
179 Questions
184 Plays
184 Plays
184 Plays
Comments
Comments
Give Quiz Kudos
Give Quiz Kudos
-
- Ratings
hide this ad
Replay
Link that replays current quiz
Next Quiz
Link to next quiz in quiz playlist
You Got
0%
They Got
Avg Score
74%
Avg Friend Score
Upgrade to see
Score Distribution
Jump to the score distribution portion of the page
Score
0/179
Timer
20:00
0
Plays Today
Hint
Answer
% Correct
Kai
100%
D.O
99.5%
EXO
Suho
98.9%
Sehun
98.9%
Chen
98.9%
Chanyeol
98.4%
Xiumin
98.4%
Lay
98.4%
BTS
Rap Monster
98.4%
Jin
98.4%
J-hope
97.8%
Jun
97.8%
Baekhyun
97.3%
Jungkook
97.3%
Suga
96.7%
Jimin
96.2%
Lisa
96.2%
Rosé
95.7%
BlackPink
Jisoo
95.1%
Mark
95.1%
Mark
95.1%
V
94.6%
Jennie
93.5%
Jackson
93.5%
Red Velvet
Irene
92.4%
Wendy
92.4%
BamBam
92.4%
BIGBANG
G-Dragon
92.4%
T.O.P
92.4%
Key
91.8%
L.E
91.8%
Joy
91.3%
GOT7
JB
91.3%
Minho
91.3%
Momo
90.8%
SHINee
Onew
90.8%
Jinyoung
90.2%
Taemin
90.2%
Amber
89.7%
Jonghyun
89.7%
Taeyang
89.7%
Yugyeom
89.1%
Seungri
89.1%
Yeri
88.6%
Youngjae
88.6%
Youngjae
88.6%
Seulgi
88%
Sana
88%
Krystal
87.5%
Daesung
87.5%
Mina
87%
Girls' Generation
Taeyeon
87%
Heechul
86.4%
Tiffany
85.9%
Vernon
85.9%
Tzuyu
85.3%
F(x)
Victoria
85.3%
Luna
85.3%
EXID
Hani
85.3%
Twice
Jihyo
84.8%
Hint
Answer
% Correct
Woozi
84.2%
NCT (All Units)
Taeyong
83.7%
Dahyun
83.7%
Nayeon
83.7%
Super Junior
Leeteuk
83.7%
Sunny
83.2%
Seventeen
S.Coups
82.6%
Dino
82.6%
Leo
81.4%
Ravi
81.4%
D.K
81%
Solar
80.4%
Yoona
80.4%
Monsta X
Shownu
80.4%
I.M
80.4%
Henry
80.4%
Joshua
79.9%
Ten
79.3%
Hoshi
79.3%
The8
79.3%
Mingyu
79.3%
L
78.8%
Ken
78.5%
Hwasa
78.3%
Chaeyoung
78.3%
Yuri
77.7%
Siwon
77.7%
Wonwoo
77.2%
Hyuk
76.8%
Hyoyeon
76.6%
Shindong
76.6%
Jeonghan
76.1%
Johnny
75.5%
Seohyun
75.5%
Wonho
75.5%
Moonbyul
75%
Seungkwan
75%
Minhyuk
74.5%
Hongbin
74%
Jeongyeon
73.9%
Kihyun
73.9%
Donghae
73.9%
VIXX
N
73.4%
Taeil
73.4%
Eunwoo
73.4%
K.A.R.D
B.M
73.4%
Solji
73.4%
Sooyoung
72.8%
Jooheon
72.8%
Taecyeon
72.8%
Eunhyuk
72.3%
Winwin
71.7%
Yesung
71.7%
2P.M
Jun.k
71.2%
Ryeowook
71.2%
Eunji
71.2%
Hyungwon
70.7%
Yuta
70.1%
Zelo
70.1%
Rocky
69.6%
Hint
Answer
% Correct
J.seph
69.6%
Bomi
69.6%
Hoya
69%
Kyuhyun
69%
Mamamoo
Wheein
68.5%
Kangin
68.5%
Jisung
67.9%
JinJin
67.9%
Nichkhun
67.9%
Doyoung
67.4%
Chenle
67.4%
Daehyun
67.4%
Jiwoo
67.4%
Hyerin
67.4%
Infinite
Sungkyu
66.8%
Sanha
66.8%
APink
Chorong
66.8%
Moonbin
66.7%
Jaehyun
66.3%
B.A.P
Yongguk
66.3%
Naeun
66.3%
ASTRO
MJ
65.8%
Himchan
65.2%
Somin
65.2%
Junho
65.2%
Sungmin
64.1%
Super Junior-
M
Zhoumi
63.6%
Namjoo
63%
Haechan
62.5%
Jongup
62.5%
Wooyoung
62.5%
Jaemin
62%
Dongwoo
61.4%
Sungyeol
60.9%
Jeno
60.3%
Renjun
59.8%
Junsu
59.1%
JYJ
Jaejoong
58.5%
Woohyun
58.2%
Chansung
57.6%
Hayoung
57.6%
Sungjong
56%
Jeonghwa
54.3%
Yoochun
54%
Wooshin
38.9%
Xiao
38.9%
Bitto
36.8%
Wei
34.7%
Kuhn
32.6%
Kogyeol
32.6%
UP10TION
Jinhoo
31.3%
Hwanhee
29.2%
Gyujin
29.2%
Sunwoo
22.3%
Boys Republic
Onejunn
21.7%
Minsu
21.7%
Suwoong
21.7%
Sungjun
20.1%
Sunyeol
16%
Quiz Playlist
Details
Report
Send in Message
Add To Playlist
Classic:
Type in answers that appear in a list
Last Updated: May 25, 2017
Quiz Scoreboard
CHALLENGE
Sign Up to Join the Scoreboard
Show All
Scores
Hide
Comments
May contain spoilers
Recently Published
Street Fighter Characters
by Artimus82
Gaming
60s
9x9 Crossword: Cartoon Network
by jackfrog10
Miscellaneous
3m
College Basketball Coaching Resumes
by pancakes188
Sports
9m
More to Explore
Quiz From the Vault
Featured Blog Post
Where Did the Easter Bunny Come From?
hide this ad
You Might Also Like...
Tags
Kpop Quiz
2017
group
Today's Top Quizzes in Music
Browse Music
hide this ad
Today's Top Quizzes in Kpop
Browse Kpop
Top Contributed Quizzes in Music
1
Taylor Swift All Songs (2024)
2
Guess the Artist- 70s Songs
3
7-to-1: Billboard Hot 100 #1 Hits of 2010s
4
Taylor Swift Logic Puzzle
5
Sorting Albums and Songs
6
KPOP LOGIC QUIZ
7
Guess the Taylor Swift song (Mystery Song)
8
Guess The Taylor Swift Lyrics Song #1
9
Billboard Blitz: ABBA
10
Billboard Blitz: The Beatles
Explore More
Trending Topics
Kpop
Anime
Harry Potter
NBA
Disney
Marvel
Crossword
Puzzle
Soccer
Country
Song
Pokémon
The Office
WWE
NFL
hide this ad
More By:
kpopchallenger
Quiz
Plays
Rating
Category
Featured
Created
K-POP Group members (2017)
184
3.67
Music
May 16, 2017
K-POP Idols with 'B' Letter
118
Music
May 25, 2017
Guess the k-pop idols with C letter
66
Music
May 15, 2017
Go to Creator's Profile
Score Distribution
Quiz Creator Spotlight
kpopchallenger
Follow
Send a Message
Quizzes Created
-
Created Quiz Play Count
-
More By This Creator
Popular Quizzes Today
1
Find the US States - No Outlines Minefield
2
Find the Countries of Europe - No Outlines Minefield
3
The Countries of the World
4
Find the US States
5
Risky Map Clicking: Biggest States A-Z
6
US States
7
Popular People in 1961
8
Movies - When Are They Set?
More Music Quizzes
Juice WRLD Songs
Quiz Lab
Trending Quizzes
Risky Map Clicking: Least Populous States A-Z
1-10 Letter G Words
Risky Map Clicking: Next State Alphabetically
Adjectives in 80s TV Shows
The Seven Year Switch: Catherine
Recently Updated
Leaping Animals
pecheneg
Reality TV Shows (A-Z)
bhenderson79
Rickey Henderson's Hall of Fame Teammates
pecheneg
Champions League XIs: Arsenal
pecheneg
Quick Pick: Celebrities in WWE's Hall of Fame
aduchscher
A-Z Keypad Blitz II
pecheneg
Multiple Oscar Actors
pecheneg
Mystery Phrase Blitz: Oscar 'Best Actors'
pecheneg
F. Scott Fitzgerald Novels
LTH
Pick 3 Villains
ddd62291
Trending Topics
Kpop
Marvel
Anime
Crossword
NBA
Harry Potter
Disney
Puzzle
NFL
The Office
Pokémon
Song
WWE
Soccer
Country
Your Account Isn't Verified!
In order to create a playlist on Sporcle, you need to verify the email address you used during registration. Go to your
Sporcle Settings
to finish the process.
Report this User
Report this user for behavior that violates our
Community Guidelines
.
Details:
Send Report
Go to the Sporcle.com Mobile Site →
Comments